| 000 | 00543nam a2200169Ia 4500 | ||
|---|---|---|---|
| 008 | 090201s9999 xx 000 0 und d | ||
| 010 | _aKPL-58282 | ||
| 040 | _bमराठी | ||
| 041 | _aमराठी | ||
| 082 |
_a6594 _b58282 |
||
| 100 | _aयशवंत पाठक | ||
| 245 |
_aनिरंजनाचे माहेर _cयशवंत पाठक |
||
| 260 |
_c2004 _bत्रिदल प्रकाशन |
||
| 300 |
_a216 _bमोठा |
||
| 600 | _aनिरंजनाचे माहेर | ||
| 942 | _cBOOK | ||
| 999 |
_c207410 _d207410 |
||